Score 0/28 Timer 01:00
7 Plays Today
% Correct
red
99.5%
blue
99.4%
orange
99.3%
yellow
99.3%
green
99.3%
violet
99%
anger
98.2%
indigo
98%
fear
97.6%
happiness
97.6%
sadness
97.4%
disgust
97.1%
smell
96.6%
taste
96.3%
% Correct
touch
96.3%
sight
96.1%
hearing
95.8%
surprise
94.9%
autumn
94.2%
winter
94.2%
summer
94.2%
spring
93.9%
bricks
90.8%
sticks
90.5%
straw
90.4%
beta
87.5%
alpha
86.7%
Sporcle
85.1%
Remove Ads.
Support Sporcle.
Get the best of Sporcle when you Go Orange. This ad-free experience offers more features, more stats, and more fun while also helping to support Sporcle. Thank you for becoming a member.

You're not logged in!

Compare scores with friends on all Sporcle quizzes.
OR
Log In

Show Comments

Extras

Top Quizzes Today


Score Distribution

Your Account Isn't Verified!

In order to create a playlist on Sporcle, you need to verify the email address you used during registration. Go to your Sporcle Settings to finish the process.

Report this User

Report this user for behavior that violates our Community Guidelines.

Details: